| 000 | 00961nam a22002057a 4500 | ||
|---|---|---|---|
| 005 | 20250205204741.0 | ||
| 008 | 240827b ||||| |||| 00| 0 eng d | ||
| 082 | _aDPer 155.205 J826 July-September 2019 v. 117 n. 1-3 | ||
| 100 |
_aPekrun, Reinhard. _eauthor. _959089 |
||
| 245 |
_aHappy fish in little ponds : _btesting a reference group model of achievement and emotion / _cReinhard Pekrun, Herbert W. Marsh, Kou Murayama, Thomas Goetz, and Anne C. Frenzel. |
||
| 260 |
_aWashington ; _bAmerican Psychological Association, _cJuly 2019. |
||
| 300 |
_avolume 117, pages 166-185, _billustration. |
||
| 500 | _aJournal of Personality and Social Psychology vol. 117, no. 1, pages 166-185, July 2019. | ||
| 700 |
_aPekrun, Reinhard. _eauthor. _959089 |
||
| 700 |
_aMurayama, Kou. _eauthor. _959091 |
||
| 700 |
_aMarsh, Herbert W. _eauthor. _959090 |
||
| 700 |
_aGoetz, Thomas. _eauthor. _959092 |
||
| 700 |
_aFrenzel, Anne C. _eauthor. _959093 |
||
| 942 |
_2ddc _cPER |
||
| 999 |
_c20938 _d20938 |
||